|
|
|
|
| LEADER |
00000nab a2200000ua 4500 |
| 001 |
vtls010783907 |
| 003 |
SK-MaSNL |
| 005 |
20260304031511.0 |
| 008 |
230131s1964 xo |||||||||||||||||slo| |
| 035 |
|
|
|a (urnnbn)urn:nbn:sk:snk:ar-a02sep
|
| 035 |
|
|
|a (uuid)520a1537-91d7-4936-88e4-b44290dc99dc
|
| 035 |
|
|
|a urn:nbn:sk:snk-ab4nmd
|
| 040 |
|
|
|a SNKBUCL
|b slo
|c SNKBUCL
|e AACR2
|
| 041 |
0 |
|
|a slo
|
| 044 |
|
|
|a xo
|c SK
|
| 080 |
|
|
|a 069
|2 2001
|
| 080 |
|
|
|a 027.2
|2 2001
|
| 080 |
|
|
|a 025.2
|2 2001
|
| 100 |
1 |
|
|a Bohuš, Ivan,
|d 1924-2018
|4 aut
|9 174062
|
| 245 |
1 |
0 |
|a K MEDZIMUZEÁLNYM VÝMENÁM MUZEÁLNEJ TLAČE
|c Ivan Bohuš
|
| 650 |
0 |
7 |
|a múzeá
|2 SNKPH
|9 4119
|
| 650 |
0 |
7 |
|a múzejné knižnice
|2 SNKPH
|9 30381
|
| 650 |
0 |
7 |
|a akvizícia (knihovníctvo)
|2 SNKPH
|9 1311
|
| 773 |
0 |
|
|t Múzeum : študijný a informačný materiál
|g Roč. 9, č. 1 (1964), s. 40-41
|
| 954 |
|
|
|a odborná, vedecká literatúra pôvodná (slovenská)
|2 lita
|
| 958 |
|
|
|a OND
|
| 958 |
|
|
|a EUIPO
|
| 958 |
|
|
|a article3
|
| 999 |
|
|
|c 2638457
|d 2640387
|